ipse, ipsa, ipsum - Statistiken

Allgemein
  • Dieses Quiz wurde 21 mal gespielt
  • Das Durchschnittsergebnis liegt bei 24 aus 30
Antwortstatistiken
Hint Antwort % Korrekt
Nom. ipse
100%
Nom. Sg. f ipsa
93%
Nom. Sg. n ipsum
93%
Abl. Sg. f ipsa
79%
Nom. Pl. n ipsa
79%
Akk. Pl. n ipsa
79%
Nom. Pl. f ipsae
79%
Akk. Sg. f ipsam
79%
Gen. Pl. f ipsarum
79%
Akk. Pl. f ipsas
79%
Dat. ipsi
79%
Nom. Pl. m ipsi
79%
Dat. Sg. f ipsi
79%
Dat. Sg. n ipsi
79%
Dat. Pl. m ipsis
79%
Abl. Pl. m ipsis
79%
Dat. Pl. f ipsis
79%
Abl. Pl. f ipsis
79%
Dat. Pl. n ipsis
79%
Abl. Pl. n ipsis
79%
Gen. ipsius
79%
Gen. Sg. f ipsius
79%
Gen. Sg. n ipsius
79%
Abl. ipso
79%
Abl. Sg. n ipso
79%
Gen. Pl. m ipsorum
79%
Gen. Pl. n ipsorum
79%
Akk. Pl. m ipsos
79%
Akk. ipsum
79%
Akk. Sg. n ipsum
79%
Keine übereinstimmenden Quizze gefunden
Verteilung der Resultate
Anzahl Personen mit jedem Resultat
Perzentil nach korrekt beantworteten Fragen
Ihre Resultats-Entwicklung
Sie haben dieses Quiz noch nicht gespielt